| 000 | 01493cam a22003614a 4500 | ||
|---|---|---|---|
| 001 | 1685942 | ||
| 005 | 20000918093527.0 | ||
| 008 | 990405s1999 maua bs 001 0 eng | ||
| 010 | _a 99028634 | ||
| 020 | _a0262122219 (alk. paper) | ||
| 035 | _a(DLC) 99028634 | ||
| 040 |
_aDLC _cDLC _dDLC |
||
| 042 | _apcc | ||
| 043 | _aa-ko--- | ||
| 050 | 0 | 0 |
_aHC470.I52 _bL56 1999 |
| 082 | 0 | 0 |
_a338.95195 _222 _bLIM |
| 100 | 1 |
_aLim, Youngil. _97123 |
|
| 245 | 1 | 0 |
_aTechnology and Productivity : _bthe Korean way of learning and catching up / _cYoungil Lim. |
| 260 |
_aCambridge, Mass. : _bMIT Press, _cc1999. |
||
| 300 |
_axx, 241 p. : _bill. ; _c24 cm. |
||
| 504 | _aIncludes bibliographical references (p. [207]-224] and indexes. | ||
| 650 | 0 |
_aIndustrial productivity _zKorea (South) _97124 |
|
| 650 | 0 |
_aIndustrial policy _zKorea (South) _97125 |
|
| 650 | 0 |
_aTechnology _zKorea (South) _97126 |
|
| 650 | 0 |
_aTechnology and state _zKorea (South) _97127 |
|
| 650 | 0 |
_aHuman capital _zKorea (South) _97128 |
|
| 650 | 0 |
_aBusiness enterprises _zKorea (South) _97129 |
|
| 650 | 0 |
_aIndustrial organization _zKorea (South) _97130 |
|
| 650 | 0 |
_aFree enterprise _zKorea (South) _97131 |
|
| 942 |
_2ddc _cBB |
||
| 999 |
_c12084 _d12084 |
||